15 Plus grandes villes de Biélorussie (avec une carte) - Statistiques

Statistiques générales
  • Ce quiz a été pris 21 fois
  • Le résultat moyen est 4 sur 15
Réponses sur la Carte
Les réponses sont colorées sur une échelle allant du rouge au vert en fonction du pourcentage des utilisateurs qui les ont devinées à leur premier essai. Vous pouvez retrouver ces pourcentages ci-dessous.
 
Statistiques - réponses
Ville Population % Correct
Minsk 2 million
100%
Brest 340 mille
79%
Homiel 500 mille
32%
Borissov 140 mille
26%
Pinsk 120 mille
26%
Hrodna 360 mille
21%
Orcha 100 mille
21%
Vitebsk 360 mille
21%
Baranavitchy 170 mille
16%
Lida 100 mille
16%
Mazyr 110 mille
16%
Salihorsk 100 mille
16%
Babrouïsk 210 mille
11%
Mahiliou 350 mille
5%
Navapolatsk 100 mille
5%
Aucun quiz correspondant
Distribution des résultats
% des personnes avec chaque résultat
Percentile par nombre de réponses
Votre historique - résultats
Vous n’avez pas pris ce quiz